| 000 | 00539nam a2200181 a 4500 | ||
|---|---|---|---|
| 005 | 20210219150012.0 | ||
| 008 | 991125s1956 mx 000 0 spa u | ||
| 035 | _aUPN01000005560 | ||
| 049 | _aCG | ||
| 050 | 4 |
_aF1233 J8 _bH4.2 |
|
| 100 | 1 | _aHerrera Bibriesca, José Luis | |
| 245 | 1 | 0 |
_aBenito Juárez : _bapuntes para mis hijos / _cJosé Luis Herrera Bibriesca. |
| 260 |
_aMéxico : _b[s.n.], _c1956. |
||
| 300 |
_a96 p. : _bil. |
||
| 500 | _aDisponible en la Colección Medina | ||
| 600 | 1 | 4 |
_aJUAREZ, BENITO, _d1806-1872 |
| 905 | _aLibro | ||
| 999 |
_c5560 _d5560 |
||